Word riddles: xkcd edition - Statistics

General Stats
  • This quiz has been taken 38 times
  • The average score is 14 of 45
Answer Stats
Title Refers to % Correct
Picture taker Camera
76%
Writing sticks Pen and pencil
74%
Our star Sun
74%
Boat that goes under the sea Submarine
71%
Worlds around the Sun Solar system
68%
Bags of stuff inside you Human torso
62%
The pieces everything is made of Periodic table
62%
Boxes that make clothes smell better Washing machine and dryer
59%
Food-heating radio box Microwave
56%
Box that cleans food holders Dishwasher
53%
Sky boats with turning wings Helicopter
53%
Tin bags of water you're made of Animal cell
47%
Red world space car Curiosity Rover
47%
Colors of light Electromagnetic spectrum
44%
Stuff in the Earth we can burn Mines
44%
Lifting room Elevator
41%
Sky toucher Skyscraper
41%
Hand computer Smart phone
38%
Room for helping people Hospital bed
32%
Shared space house International Space Station
32%
Machine for burning cities Nuclear bomb
32%
Bending computer Laptop
29%
Power boxes Batteries
24%
Heavy metal power building Nuclear reactor
24%
Tree Tree
24%
Tall roads Bridges
21%
US Space Team's Up Goer Five Saturn V rocket
18%
Big flat rocks we live on Tectonic plates
18%
The US's laws of the land US Constitution
18%
Stuff you touch to fly a sky boat Cockpit
15%
Sky boat pusher Jet engine
15%
The sky at night Night sky
15%
The USS Laws of the Land USS Constitution
15%
Cloud maps Weather maps
15%
Tree of life Life's family tree
12%
Under a car's front cover Car engine
9%
Computer building Data center
9%
Big tiny thing hitter Large Hadron Collider
9%
Water room Toilet and sink
9%
Playing fields Athletic fields
6%
Shape checker Padlock
3%
Earth's surface Physical map of the Earth
3%
Earth's past Geologic periods of Earth
0%
Hole-making city boat Oil rig
0%
How to count things Units of measurement
0%
No matching quizzes found
Score Distribution
Percent of People with Each Score
Percentile by Number Answered
Your Score History
You have not taken this quiz